Основы компьютерных технологий и систем

書誌詳細
第一著者: Черняков М. В. Михаил Владимирович
その他の著者: Петрушин А. С. Андрей Станиславович
要約:В монографии подробно рассмотрены принципы построения персональных компьютеров, основы информационных систем и компьютерных телекоммуникаций, включая Internet, системы искусственного интеллекта и новый универсальный метод оценки эффективности автоматизированных информационных систем и комплексов. Представлен практикум по информационным технологиям. Для студентов вузов и аспирантов, а также преподавателей и научных работников всех специальностей.
言語:ロシア語
出版事項: Москва, Наука, 2004
主題:
フォーマット: 図書
KOHA link:https://koha.lib.tpu.ru/cgi-bin/koha/opac-detail.pl?biblionumber=76814

MARC

LEADER 00000nam0a2200000 4500
001 76814
005 20231031091922.0
010 |a 5020336076  |b (в пер.)  |b 1000 экз. 
021 |a RU  |b 04-73925  |9 04-3645 
035 |a (RuTPU)RU\TPU\book\82355 
090 |a 76814 
100 |a 20050504d2004 k y0rusy5002 ca 
101 0 |a rus 
102 |a RU 
105 |a a z 001zy 
200 1 |a Основы компьютерных технологий и систем  |f М. В. Черняков, А. С. Петрушин 
210 |a Москва  |c Наука  |d 2004 
215 |a 446 с.  |c ил. 
320 |a Библиогр.: с. 373-378. 
330 |a В монографии подробно рассмотрены принципы построения персональных компьютеров, основы информационных систем и компьютерных телекоммуникаций, включая Internet, системы искусственного интеллекта и новый универсальный метод оценки эффективности автоматизированных информационных систем и комплексов. Представлен практикум по информационным технологиям. Для студентов вузов и аспирантов, а также преподавателей и научных работников всех специальностей. 
610 1 |a компьютерные технологии 
610 1 |a компьютерные системы 
610 1 |a персональные компьютеры 
610 1 |a аппаратные средства 
610 1 |a программное управление 
610 1 |a данные 
610 1 |a автоматизированные информационные системы 
610 1 |a АИС 
610 1 |a базы данных 
610 1 |a управление 
610 1 |a компьютерные телекоммуникации 
610 1 |a информационные сети 
610 1 |a Интернет 
610 1 |a искусственный интеллект 
610 1 |a экспертные системы 
610 1 |a нейрокибернетические модели 
610 1 |a системы поддержки 
610 1 |a компьютерная графика 
610 1 |a информация 
610 1 |a обработка 
610 1 |a статистические методы 
610 1 |a оценка 
675 |a 681.324  |v 3  |z rus 
700 1 |a Черняков  |b М. В.  |g Михаил Владимирович 
701 1 |a Петрушин  |b А. С.  |g Андрей Станиславович 
801 0 |a RU  |b RKP  |c 20050112  |g PSBO 
801 1 |a RU  |b 63413507  |c 20050504  |g PSBO 
801 2 |a RU  |b 63413507  |c 20100520  |g PSBO 
900 |a Информационные сети и телекоммуникации 
942 |c BK